00000000nam##2200000za#4500
0019.533291
003CaOODSP
00520200331231722
007ta
008150406|2000||||xxc|||||     f|0| 0 fre|d
020 |a0-660-61224-0
040 |aCaOODSP|bfre
041 |aeng
041 |afre
043 |an-cn---
0861 |aBT31-2/2001-III-107
1101 |aCanada. |bConseil du trésor.
24510|aParcs Canada
260 |aOttawa - Ontario : |bSecrétariat du Conseil du Trésor du Canada |c2000.
300 |aTexte français, 39p. : |borganigramme, tableaux ; |c28 cm.
4901 |aBudget des dépenses 2000-2001, partie III: rapport sur les plans et les priorités
546 |aBilingue
563 |aCouverture souple
590 |a00-14|b2000-04-07
69107|aPrévisions budgétaires|2gcpds
7760#|tParks Canada, 2000-2001 estimates, part III, report on plans and priorities |w(CaOODSP)9.567852
7760#|tParcs Canada, budget des dépenses 2000-2001, partie III, rapport sur les plans et les priorités |w(CaOODSP)9.599173
791 |tParks Canada |eeng|w(CaOODSP)9.533290
830#0|aBudget des dépenses 2000-2001, partie III: rapport sur les plans et les priorités.|w(CaOODSP)9.508965